| 000 | 00449 a2200169 4500 | ||
|---|---|---|---|
| 003 | OSt | ||
| 005 | 20180116182635.0 | ||
| 008 | 160428b xxu||||| |||| 00| 0 eng d | ||
| 040 | _c0 | ||
| 100 | _aDavid Simchi Levi. | ||
| 110 | _aPhilip Kaminsky | ||
| 245 |
_aDesingning and Managing the Supply Chain _bConcepts, Strategies and Case Studies. |
||
| 250 | _a3rd Ed | ||
| 256 | _aMcGraw Hill | ||
| 260 | _c2008 | ||
| 942 |
_aNBS _cBK _k658.5 SIM _2ddc |
||
| 999 |
_c343206 _d343206 |
||